000 00771nam a22002297a 4500
003 UA-OsUOA
001 48337
007 ta
008 20130212b un ||||| |||| 00| 0 ukr d
090 _a94(477).04
_bД40
942 _cBK
040 _aUA-OsUOA
_bukr
_cUA-OsUOA
_dUA-OsUOA
245 _aДжерела з історії Національно-визвольної війни українського народу 1648-1658 рр.
_bТ.І
_c1648-1649 рр.
300 _a679 с.
955 _a1
041 _aukr
080 _a94(477).04
260 _aК.
_c2012
650 7 _a9 Географія. Біографії. Історія
_2UDC
999 _c428437
_d428437